000 01033nam a2200277Ia 4500
003 OSt
005 20221005110542.0
006 a|||||r|||| 00| 0
007 ta
008 221004b |||||||| |||| 00| 0 hin d
020 _cIndian Rupees 15
024 _a38881
037 _bGift, 29/08/2018,
_cTextual
040 _aCRL
_cCRL
_bhin
041 _2hin
_ahin
082 _aO152,1x, L2
100 _aजैन, वीरेन्द्रकुमार, ले.
245 0 _aशून्य पुरूष और वस्तुएॅं
246 _aShūnya purūṣh aur vastueॅan
260 _aनई दिल्ली
_bभारतीय ज्ञानपीठ प्रकाशन भारत
_c1972
300 _a220पृ0
_ccm.
650 _a हिन्दी साहित्य
650 _aहिन्दी कविता
942 _hO152,1x, L2
_cTEXL
_2cc
999 _c1019176
_d1019176